Themen 1 Lehrwerk für Deutsch als Fremdsprache. Lehrerhandbuch

Saved in:
Bibliographic Details
Format: Book
Language:German
Published: Ismaning Hueber 1984
Edition:1. Aufl.
Tags: Add Tag
No Tags, Be the first to tag this record!

MARC

LEADER 00000nam a2200000 4500
001 c021538
005 20221220085827.7
041 0 |a ger 
044 |a DE 
245 1 0 |a Themen 1  |b Lehrwerk für Deutsch als Fremdsprache. Lehrerhandbuch 
250 |a 1. Aufl. 
264 1 |a Ismaning  |b Hueber  |c 1984 
300 |a 170 s.